000 00986nam a2200193Ia 4500
003 OSt
005 20241011104011.0
007 ca aa aaaaa
008 201103s9999 xx 000 0 und d
040 _cSSBUL
041 _abur
082 _223
_a၂၉၄.၃၄၃၅၀၉ ရွှေ
_b၉၃၁၁ S-SAT
245 0 _aရွှေတိဂုံစေတီတော်စေတိယင်္ဂဏပရိယတ္တိဓမ္မာနုဂ္ဂလဟစာလျှောက်မေးပွဲ နှစ်(၁၀၀)ပြည့် စေတိယင်္ဂဏမှတ်တမ်း။
260 _a[နေရာမပါ] ၊
_b[ထုတ်ဝေသူမပါ]၊
_c၂၀၁၈။
300 _a၂၃၀ စာမျက်နှာ ၊
_bဓါတ်ပုံများ ၊
_c၂၇ စင်တီ။
500 _aS-SAT: Dr. Sai Aung Tun
650 _aရွှေတိဂုံစေတီတေ်
_vသမိုင်း
_955028
942 _2ddc
_cBK1
999 _c16810
_d16810